000 01543nam a2200385Ii 4500
001 DIGPOGRAN0029
003 NyNyDIG
006 m o d
007 cr |||||||||||
008 240507s2021 ck a ob 000 0 spa d
035 _a(OCoLC)1433996725
040 _aDGITA
_beng
_erda
_epn
_cDGITA
020 _a9789585142749
_qdigital
041 1 _aspa
_hpor
050 1 4 _aPN1584 ebook
100 1 _aSarmiento Bonilla, María Fernanda,
_eauthor.
245 1 0 _aTeatralidades de(s)coloniales :
_bentre la formación, la creación, la recreación y la política en las calles de Abya yala.
_nTomo 2,
_pExperiencias /
_cMaría Fernanda Sarmiento Bonilla ; traducción del portugués, Gonzalo Blanco.
246 3 _aTeatralidades descoloniales
264 1 _aBogotá, Colombia :
_bPublicaciones Politécnico Grancolombiano,
_c[2021]
300 _a1 online resource :
_billustrations.
336 _atext
_btxt
_2rdacontent
337 _acomputer
_bc
_2rdamedia
338 _aonline resource
_bcr
_2rdacarrier
347 _atext file
_2rdaft
347 _bPDF
504 _aIncludes bibliographical references.
588 0 _aOnline resource; title from PDF title page (Digitalia, viewed May 7, 2024)
650 0 _aPerforming arts.
700 1 _aBlanco, Gonzalo,
_etranslator.
791 2 _aDigitalia (Firm),
_edistributor.
793 0 _gDigitalia eBook Collection:
_aPolitécnico Grancolombiano
856 4 0 _3Digitalia Hispánica
_uhttps://www.digitaliapublishing.com/a/133879/
910 _aPremium collection: 2024
942 _cRAA
999 _c282869
_d282869